| 000 | 00551 a2200181 4500 | ||
|---|---|---|---|
| 005 | 20250113160020.0 | ||
| 010 | _aENG-143352 | ||
| 020 |
_a9788186772782 _c610.00 |
||
| 035 | _aEN-126884 | ||
| 037 | _bDBAD | ||
| 082 | _a305.42 | ||
| 100 |
_aSharma, Gopal _976484 |
||
| 245 |
_aWomen Empowerment in India/ _cby Gopal Sharma |
||
| 260 |
_aNew Delhi _bNew Academic Publishers _c2015 |
||
| 270 |
_a4760-61, 23, Ansari Road, Daryaganj _bDelhi _cDelhi _e110002 |
||
| 300 |
_a223 p. ; _c22 cm. (Hb) |
||
| 942 |
_adpl _cEN _2ddc _h305.42 _mSHA |
||
| 999 |
_c208437 _d208437 |
||